|
|
|
|
| LEADER |
00788nab a2200229 i 4500 |
| 001 |
publ21265 |
| 005 |
20210421132553.0 |
| 008 |
210421s2021 hu o 0|| zxx d |
| 022 |
|
|
|a 2075-4701
|
| 024 |
7 |
|
|a 10.3390/met11040628
|2 doi
|
| 024 |
7 |
|
|a 31964267
|2 mtmt
|
| 040 |
|
|
|a SZTE Publicatio Repozitórium
|b hun
|
| 041 |
|
|
|a zxx
|
| 100 |
1 |
|
|a Hampel Boglárka
|
| 245 |
1 |
4 |
|a The Influence of the Ratio of Au and Pt Nanoparticles in Ternary Composites with TiO2
|h [elektronikus dokumentum] /
|c Hampel Boglárka
|
| 260 |
|
|
|c 2021
|
| 300 |
|
|
|a Terjedelem: 17 p-Azonosító: 628
|
| 490 |
0 |
|
|a METALS
|v 11 No. 4
|
| 700 |
0 |
1 |
|a Baia Lucian
|e aut
|
| 700 |
0 |
1 |
|a Hernádi Klára
|e aut
|
| 700 |
0 |
1 |
|a Pap Zsolt
|e aut
|
| 856 |
4 |
0 |
|u http://publicatio.bibl.u-szeged.hu/21265/1/metals-11-00628.pdf
|z Dokumentum-elérés
|